| 000 | 00847nas a2200265 4500 | ||
|---|---|---|---|
| 001 | BR2013006425 | ||
| 003 | BR-BrBNA | ||
| 005 | 20231205122808.0 | ||
| 007 | ta | ||
| 008 | 230509b bl.|||p| |||| 00| 00por d | ||
| 040 |
_aBR-BrBNA _bpor _cBiblioteca Nacional de Agricultura |
||
| 041 | _a(Pt) | ||
| 072 | _aQ04; Q03; J11 | ||
| 100 | 1 | _aLuzia, D.M.M. | |
| 100 | 1 | _aJorge, N. | |
| 245 | 1 | _aPotencial antioxidante de extratos de sementes de limão (Citrus limon) | |
| 650 | _aÓLEO VEGETAL | ||
| 650 | _aSOJA | ||
| 650 | _aPRESERVAÇÃO DE ALIMENTO | ||
| 650 | _aCOMPOSTO FENÓLICO | ||
| 773 | 0 |
_tCiência e Tecnologia de Alimentos (Brazil) _xISSN 1678-457X _g(Apr-Jun 2010), v. 30(2) p. 489-493 _wBR2013006425 |
|
| 856 | 4 | 0 | _uhttp://www.scielo.br/pdf/cta/v30n2/29.pdf |
| 909 |
_a202311 _bLúcia _c55 _dLúcia Elande |
||
| 942 |
_2AGRIS _n0 _cANA |
||
| 999 |
_c230601 _d230601 |
||